Marvel Characters that were in the Endgame Fight - Statistics

General Stats
  • This quiz has been taken 62 times
    53 since last reset
  • The average score is 26 of 37
Answer Stats
Answer % Correct
Iron Man
98%
Captain Marvel
93%
Captain America
90%
Black Panther
88%
Groot
88%
Rocket Raccoon
88%
Spiderman
88%
Thanos
88%
Thor
88%
Ant-Man
86%
Drax the Destroyer
86%
Gamora
86%
Scarlet Witch
86%
Star-Lord
86%
Hulk
83%
Hawkeye
79%
Falcon
76%
Mantis
76%
Nebula
76%
Shuri
76%
Valkyrie
76%
Wong
76%
Dr. Strange
71%
Wasp
71%
Winter Soldier
71%
War Machine
67%
Okoye
64%
Rescue
64%
M'Baku
60%
Ebony Maw
52%
Proxima Midnight
43%
Corvus Glaive
40%
Cull Obsidian
38%
Korg
36%
Miek
29%
Howard the Duck
26%
Kraglin
24%
No matching quizzes found
Score Distribution
Percent of People with Each Score
Percentile by Number Answered
Your Score History
You have not taken this quiz since the last reset